Basic principles and calculations in chemical engieering / (Record no. 31713)
[ view plain ]
| 000 -LEADER | |
|---|---|
| fixed length control field | 01052cam a22002658a 4500 |
| 005 - DATE AND TIME OF LATEST TRANSACTION | |
| control field | 20090827101948.0 |
| 008 - FIXED-LENGTH DATA ELEMENTS--GENERAL INFORMATION | |
| fixed length control field | 070619s2008 njuab b 001 0 eng |
| 010 ## - LCCN (DPL NO) | |
| LC control number | ENG-95419 |
| 020 ## - INTERNATIONAL STANDARD BOOK NUMBER | |
| International Standard Book Number | 9788120338395 |
| Terms of availability | 450.00 |
| 035 ## - SYSTEM CONTROL NUMBER | |
| System control number | EN-78952 |
| 037 ## - SOURCE OF ACQUISITION | |
| Source of stock number/acquisition | DBAD/PUB |
| 040 ## - CATALOGING SOURCE | |
| Original cataloging agency | DPL |
| Language of cataloging | eng |
| 082 ## - DEWEY DECIMAL CLASSIFICATION NUMBER | |
| Classification number | 660 |
| 100 ## - MAIN ENTRY--PERSONAL NAME | |
| Personal name | Himmelblau, David M. |
| 245 ## - TITLE STATEMENT | |
| Title | Basic principles and calculations in chemical engieering / |
| Statement of responsibility, etc | by David M. Himmelblau [and] James B. Riggs |
| 250 ## - EDITION STATEMENT | |
| Edition statement | 7th ed |
| 260 ## - PUBLICATION, DISTRIBUTION, ETC. (IMPRINT) | |
| Place of publication, distribution, etc | New Delhi |
| Name of publisher, distributor, etc | PHI Learning |
| Date of publication, distribution, etc | 2009 |
| 270 ## - ADDRESS | |
| Address | M-97, Connaught Circus |
| City | New Delhi |
| Postal code | 110001 |
| 300 ## - PHYSICAL DESCRIPTION | |
| Extent | xxx, 1120p. |
| Dimensions | 24 cm (pbk) |
| Accompanying material | CD-Rom |
| 500 ## - GENERAL NOTE | |
| General note | Includes index |
| 700 ## - ADDED ENTRY--PERSONAL NAME | |
| Personal name | Riggs, James B. |
| 942 ## - ADDED ENTRY ELEMENTS (KOHA) | |
| Source of classification or shelving scheme | Dewey Decimal Classification |
| Item type | English Books |
| Call number suffix | HIM |
| Classification part | 660 |
| Withdrawn status | Lost status | Source of classification or shelving scheme | Damaged status | Not for loan | Collection code | Home library | Current library | Date acquired | Source of acquisition | Cost, normal purchase price | Total Checkouts | Full call number | Barcode | Date last seen | Copy number | Cost, replacement price | Koha item type |
|---|---|---|---|---|---|---|---|---|---|---|---|---|---|---|---|---|---|
| Dewey Decimal Classification | Not For Loan | Non-fiction | D.B.Act.Division | D.B.Act.Division | 12/11/2009 | DBAD / PUB | 450.00 | HIM | EN-78952 | 12/11/2009 | 1 | 450.00 | English Books |
